| 000 | 01592nam a2200373 4500 | ||
|---|---|---|---|
| 001 | 59469 | ||
| 003 | CO-BoRNBP | ||
| 005 | 20251015220332.0 | ||
| 007 | ta | ||
| 008 | 250131s2024 ck a|||br|||| 00| jdspa d | ||
| 020 | _a9789585395565 | ||
| 040 |
_aCO-BoRNBP _bspa _erda _cCO-BoRNBP |
||
| 041 | 0 | _aspa | |
| 043 | _as-ck--- | ||
| 084 | _aC | ||
| 100 |
_aMoreno Riaño, Jhon Emerson _d1978- _eaut _950728 |
||
| 245 | 1 | 0 |
_aLlano / _cJhon Moreno Riaño ; ilustraciones Paula Ortiz. |
| 250 | _aEdición especial | ||
| 264 | 1 |
_aBogotá, Colombia : _bLazo Libros, _c2024 |
|
| 300 |
_a60 páginas sin numerar : _bilustraciones a color |
||
| 336 |
_atexto _btxt _2rdacontenido |
||
| 337 |
_asin mediación _bn _2rdamedio |
||
| 338 |
_avolumen _bnc _2rdasoporte |
||
| 500 | _aIncluye glosario | ||
| 520 | _aLos llanos son una cuarta parte de Colombia y este libro es un homenaje a este inmenso territorio, tierra de vaqueros, caballos, cantos, música y fauna. Un libro ilustrado, escrito en verso y con varias infografías que te muestran la inmensidad del llano y el poder de su historia y sus tradiciones | ||
| 521 | _aRecomendado para un público infantil mayor de 9 años | ||
| 545 | _aIncluye información biográfica del autor e ilustrador | ||
| 650 | 0 | 4 |
_aCuentos infantiles colombianos _ySiglo XX _2LEMB _92372 |
| 650 | 0 | 7 |
_aVaqueros en la literatura _2lemb _965676 |
| 650 | 0 | 4 |
_aLiteratura infantil colombiana _ySiglo XX _2LEMB _9364 |
| 651 | 0 |
_aLlanos Orientales (Colombia) _xVida social y costumbres _965677 |
|
| 700 |
_aOrtiz, Paula, _d1988- , _eill _965553 |
||
| 942 |
_2loc _cBKLITI _n0 |
||
| 999 |
_c59469 _d59469 |
||